000 00367nam a2200133Ia 4500
008 100328s9999 xx 000 0 und d
082 _b72323
100 _aसानेगुरुजी.
245 _aश्याम
260 _bपुणे विद्यार्थीगृह.
630 _aश्याम
730 _aश्याम
942 _cBOOK
999 _c558045
_d558042